|
|
|
|
| LEADER |
00000nam0a2200000 4500 |
| 001 |
346955 |
| 005 |
20231102005937.0 |
| 010 |
|
|
|a 9785947233025
|
| 035 |
|
|
|a (RuTPU)RU\TPU\book\378840
|
| 035 |
|
|
|a RU\TPU\book\291713
|
| 090 |
|
|
|a 346955
|
| 100 |
|
|
|a 20211214d2008 km y0rusy50 ca
|
| 101 |
1 |
|
|a rus
|c eng
|
| 102 |
|
|
|a RU
|
| 105 |
|
|
|a a z 001zy
|
| 200 |
1 |
|
|a Объектно-ориентированное программирование в C++
|e пер. с англ.
|f Р. Лафоре
|
| 205 |
|
|
|a 4-е изд.
|
| 210 |
|
|
|a Санкт-Петербург
|c Питер
|d 2008
|
| 215 |
|
|
|a 923 с.
|c ил.
|
| 225 |
1 |
|
|a Классика Computer Science
|
| 320 |
|
|
|a Библиогр.: с. 899-901
|
| 320 |
|
|
|a Алфавитный указатель: с. 902-923
|
| 330 |
|
|
|a Благодаря этой книге тысячи пользователей овладели технологией объектно-ориентированного программирования в С++. В ней есть все: основные принципы языка, готовые полномасштабные приложения, небольшие примеры, поясняющие теорию, и множество полезных иллюстраций. Книга пользуется стабильным успехом в учебных заведениях благодаря тому, что содержит более 100 упражнений, позволяющих проверить знания по всем темам. Читатель может вообще не иметь подготовки в области языка С++. Необходимо лишь знание начальных основ программирования.
|
| 451 |
|
1 |
|0 (RuTPU)RU\TPU\book\66908
|y 5-94723-302-9
|t Объектно-ориентированное программирование в C++
|o пер. с англ.
|f Р. Лафоре
|e 4-е изд.
|c СПб.
|n Питер
|d 2004
|p 923 с.
|s Классика Computer Science
|a Лафоре, Роберт
|
| 606 |
1 |
|
|a C++
|x Язык программирования
|2 stltpush
|3 (RuTPU)RU\TPU\subj\53569
|
| 606 |
1 |
|
|a Программирование объектно-ориентированное
|2 stltpush
|3 (RuTPU)RU\TPU\subj\51783
|9 70348
|
| 610 |
1 |
|
|a программы
|
| 610 |
1 |
|
|a языки программирования
|
| 610 |
1 |
|
|a программное обеспечение
|
| 610 |
1 |
|
|a UML
|
| 610 |
1 |
|
|a теория
|
| 610 |
1 |
|
|a упражнения
|
| 675 |
|
|
|a 004.438
|v 4
|
| 675 |
|
|
|a 004.42
|v 4
|
| 700 |
|
1 |
|a Лафоре
|b Р.
|g Роберт
|
| 801 |
|
1 |
|a RU
|b 63413507
|c 20110518
|
| 801 |
|
2 |
|a RU
|b 63413507
|c 20220118
|g RCR
|
| 900 |
|
|
|a Объектно-ориентированное программирование
|
| 942 |
|
|
|c BK
|